000
00335nam a2200133Ia 4500
008
240624s9999 xx 000 0 und d
041
_a
eng
082
_a
823 BRA
100
_a
BRAUN JACKIE
245
_a
CONFESSIONS OF A GIRL NEXT DOOR
260
_c
2012
_a
New Delhi
_b
Penguin India
300
_a
248 : p. : cm. ; 18
365
_c
RS
_b
25
999
_c
19864
_d
19864